000 01122nam a22002657a 4500
003 BD-DhSAU
005 20181209163428.0
008 160224b2014 bg ||||| |||| 001 0 eng d
040 _aBD-DhSAU
082 _222
_a630.715
_bH829
100 _aHossain, Afroza
_eRegistration # 07-02465
245 _aExtent of job satisfaction of sub assistant agriculture officers of the department of agricultural extension /
_bMS thesis
260 _aSher-e-Bangla Agricultural University :
_bDepartment of Agricultural Extension & Information System,
_c2014
300 _avi, 66 p. :
_bill. ;
_c30 cm.
500 _aMS thesis of Department of Agricultural Extension & Information System, Faculty of Agriculture, Sher-e-Bangla Agricultural University, Dhaka, Bangladesh
590 _aMd. Sirajul Islam
650 _aExtension
650 _aExtent
650 _aJob satisfaction
650 _aOfficers
700 _aUlla, Md. Shadat
_eSupervisor
710 _aAli, Md. Sekender
_eCo-Supervisor
856 _uhttp://archive.saulibrary.edu.bd:8080/xmlui/handle/123456789/844
_yOnline Access
942 _2ddc
_cTHESIS
999 _c13257
_d13256